<?xml version="1.0" encoding="UTF-8"?><?xml-stylesheet type="text/xsl" href="static/style.xsl"?><OAI-PMH xmlns="http://www.openarchives.org/OAI/2.0/" xmlns:xsi="http://www.w3.org/2001/XMLSchema-instance" xsi:schemaLocation="http://www.openarchives.org/OAI/2.0/ http://www.openarchives.org/OAI/2.0/OAI-PMH.xsd"><responseDate>2026-04-17T20:20:21Z</responseDate><request verb="GetRecord" identifier="oai:www.recercat.cat:20.500.12694/7246" metadataPrefix="marc">https://recercat.cat/oai/request</request><GetRecord><record><header><identifier>oai:recercat.cat:20.500.12694/7246</identifier><datestamp>2025-12-18T12:09:46Z</datestamp><setSpec>com_2072_179042</setSpec><setSpec>col_2072_484474</setSpec></header><metadata><record xmlns="http://www.loc.gov/MARC21/slim" xmlns:dcterms="http://purl.org/dc/terms/" xmlns:xsi="http://www.w3.org/2001/XMLSchema-instance" xmlns:doc="http://www.lyncode.com/xoai" xsi:schemaLocation="http://www.loc.gov/MARC21/slim http://www.loc.gov/standards/marcxml/schema/MARC21slim.xsd">
   <leader>00925njm 22002777a 4500</leader>
   <datafield ind2=" " ind1=" " tag="042">
      <subfield code="a">dc</subfield>
   </datafield>
   <datafield ind2=" " ind1=" " tag="720">
      <subfield code="a">Camahort i Alejandro, Maria</subfield>
      <subfield code="e">author</subfield>
   </datafield>
   <datafield ind2=" " ind1=" " tag="260">
      <subfield code="c">2013-05-14</subfield>
   </datafield>
   <datafield ind2=" " ind1=" " tag="520">
      <subfield code="a">El present treball tracta sobre els diferents tipus de relacions que poden establir-se entre poesia i música, a partir de l’estudi d’obres del repertori guitarrístic. Les obres elegides tenen la particularitat d’haver estat creades a partir d’uns textos poètics concrets, els quals són motiu d’inspiració per al compositor. Cadascuna de les obres objecte d’estudi és contextualitzada i analitzada segons diferents paràmetres, segons com aquests es relacionen amb els textos. L’objectiu final és poder utilitzar les conclusions derivades del treball com a eina a l’hora de crear i defensar la interpretació d’obres vinculades a textos poètics.</subfield>
   </datafield>
   <datafield ind2=" " ind1=" " tag="520">
      <subfield code="a">El siguiente trabajo trata sobre las diferentes clases de relaciones que pueden establecerse entre poesía y música, a partir del estudio de obras pertenecientes al repertorio guitarrístico. Las obras elegidas tienen la particularidad de haber sido creadas a partir de determinados textos poéticos, los cuales son motivo de inspiración del compositor. Cada una de las obras objeto de estudio se contextualiza y se analiza según diferentes parámetros, según cómo estos se relacionan con los textos. El objetivo final es poder utilizar las conclusiones derivadas del trabajo como herramienta para crear y defender la interpretación de obras vinculadas a textos poéticos.</subfield>
   </datafield>
   <datafield ind2=" " ind1=" " tag="520">
      <subfield code="a">This project talks about different types of relationships that can be established between poetry and music, based on the study of works from the guitar repertory. The chosen works share the peculiarity of having been created from concrete poetic texts, which have become the composer’s source of inspiration. Each studied work is analysed in its context through different parameters, depending on how it relates to the corresponding texts. The final objective is to be able to use the conclusions of the project as a tool to create and defend the interpretation of works linked to poetic texts.</subfield>
   </datafield>
   <datafield ind1="8" ind2=" " tag="024">
      <subfield code="a">http://hdl.handle.net/20.500.12694/7246</subfield>
   </datafield>
   <datafield tag="653" ind2=" " ind1=" ">
      <subfield code="a">TFG Música clàssica i contemporània</subfield>
   </datafield>
   <datafield tag="653" ind2=" " ind1=" ">
      <subfield code="a">Música i literatura</subfield>
   </datafield>
   <datafield tag="653" ind2=" " ind1=" ">
      <subfield code="a">Poesia--Adaptacions musicals</subfield>
   </datafield>
   <datafield tag="653" ind2=" " ind1=" ">
      <subfield code="a">Guitarra, Música per a--Anàlisi i apreciació</subfield>
   </datafield>
   <datafield tag="653" ind2=" " ind1=" ">
      <subfield code="a">Música--Interpretació (Fraseig, dinàmica, etc.)</subfield>
   </datafield>
   <datafield ind2="0" ind1="0" tag="245">
      <subfield code="a">Poesia en guitarra</subfield>
   </datafield>
</record></metadata></record></GetRecord></OAI-PMH>